| 000 | 00470nam a22001937a 4500 | ||
|---|---|---|---|
| 005 | 20260114114306.0 | ||
| 020 | _a9789353060411 | ||
| 100 |
_aHass, Joel _97941 |
||
| 245 | _aThomas' calculus | ||
| 250 | _a14th ed. | ||
| 260 |
_aUttarpradesh _bPearson _c2018 |
||
| 300 | _axvi+1048 | ||
| 650 |
_aDerivatives _94307 |
||
| 650 | _aIntegral | ||
| 650 |
_aVectors _97942 |
||
| 700 |
_aHeil, Christopher _97943 |
||
| 700 |
_aWeir, Maurice D _97944 |
||
| 942 |
_2ddc _cBK |
||
| 999 |
_c755078 _d755078 |
||